Loading...

CRC Handbook series in Zoonoses-Section B: Viral Zoonoses Vol.1

Bibliographic Details
Main Author: James H Steele
Format: Printed Book
Language:Undetermined
Published: CRC 1981
Florida
Subjects:
LEADER 00612nam a2200217Ia 4500
008 141122s9999 xx 000 0 und d
040 |c . 
041 |a English 
082 |a 616.91 
082 |b STE/CR 
100 |a James H Steele 
245 |a CRC Handbook series in Zoonoses-Section B: Viral Zoonoses Vol.1 
245 |c James H Steele 
260 |b CRC 
260 |b Florida 
260 |c 1981 
300 |a 509 Pages 
650 |a Virology 
942 |c BK 
999 |c 20085  |d 20085 
952 |0 0  |1 0  |4 0  |6 616_910000000000000_STECR  |7 0  |9 19738  |a COVAS  |b COVAS  |d 0000-00-00  |o 616.91 STE/CR  |p 13382  |r 2014-11-26  |w 2014-11-26  |y BK